000 00618nam a2200253Ia 4500
008 160803s9999 xx 000 0 und d
020 _a0 590602764
100 _aBrewster, Patience
245 _aToo many puppies /
245 _cby Patience Brewster.
260 _aNew York :
260 _bScholastic Inc.
260 _c1997
300 _a1 volume (unpaged) :
300 _bcolor illustrations ;
300 _c23 cm.
440 _aHello reader! ;
440 _vLevel 2.
650 _aAnimals -- Infancy --
650 _aDogs --
650 _xFiction.
650 _xFiction.
700 _a120
999 _c299205
_d299205